Diccionario de la literatura latinoamericana: Colombia
Збережено в:
| Формат: | Книга |
|---|---|
| Мова: | Іспанська |
| Опубліковано: |
Washington, D.C
Unión Panamericana
1959
|
| Предмети: | |
| Теги: |
Додати тег
Немає тегів, Будьте першим, хто поставить тег для цього запису!
|
MARC
| LEADER | 00000nam a2200000 a 4500 | ||
|---|---|---|---|
| 001 | UCX0183 | ||
| 003 | CL-VaPUC | ||
| 008 | 890824e19590000US |||||||||||||||||spa|d | ||
| 082 | 0 | 4 | |a Co860.03 |b DIC |2 21 |
| 245 | 1 | 0 | |a Diccionario de la literatura latinoamericana: Colombia |
| 300 | |a 179 p | ||
| 942 | |c BK | ||
| 945 | |d 19890824 00:00:00 | ||
| 260 | |a Washington, D.C |b Unión Panamericana |c 1959 | ||
| 650 | 0 | |a Literatura colombiana |9 315578 | |
| 650 | 0 | |a Diccionario Español |9 255650 | |
| 650 | 0 | |a Literatura colombiana |x Autores |9 315579 | |
| 650 | 0 | |a Biografías |9 255210 | |
| 583 | |a last modification |c 19890824 00:00:00 |k Rodrigo Vera | ||
| 999 | |c 221875 |d 221873 | ||
| 952 | |0 0 |1 0 |4 0 |6 CO_860_030000000000000_DIC_1959 |7 0 |8 X |9 215880 |a BIBEDU |b BIBEDU |d 2019-11-15 |i 284429K |o Co860.03 DIC 1959 |p 284429K |r 2023-01-13 |w 2019-11-15 |y BK_X |k LIT | ||